Страны, Бойкотировавшие Олимпиаду В Москве - Statistics

General Stats
  • This quiz has been taken 296 times
  • The average score is 21 of 60
Answer Stats
Страна % Correct
Соединённые Штаты Америки
97%
Канада
86%
Япония
71%
Китай
65%
Иран
60%
Южная Корея
59%
Израиль
56%
Аргентина
51%
Норвегия
51%
Турция
51%
Египет
50%
Западная Германия
48%
Пакистан
48%
Саудовская Аравия
47%
Индонезия
41%
Марокко
40%
Объединённые Арабские Эмираты
40%
Албания
39%
Заир
38%
Катар
38%
Чили
38%
Тунис
36%
Бахрейн
35%
Нигер
35%
Сомали
33%
Уругвай
33%
Малайзия
32%
Панама
32%
Сингапур
32%
Таиланд
32%
Парагвай
31%
Чад
31%
Боливия
30%
Судан
30%
Гондурас
29%
Филиппины
29%
Кения
27%
Центральноафриканская Республика
27%
Сальвадор
26%
Монако
25%
Того
25%
Бангладеш
24%
Белиз
24%
Гана
24%
Либерия
24%
Мавритания
24%
Гаити
23%
Суринам
23%
Лихтенштейн
22%
Фиджи
22%
Багамы
20%
Гамбия
19%
Габон
18%
Антигуа и Барбуда
17%
Малави
17%
Кот-д'Ивуар
16%
Папуа-Новая Гвинея
16%
Свазиленд
15%
Барбадос
14%
Маврикий
14%
No matching quizzes found
Score Distribution
Percent of People with Each Score
Percentile by Number Answered
Your Score History
You have not taken this quiz